|
|
|
|
| LEADER |
00000cam a2200000 a 4500 |
| 001 |
vtls010547033 |
| 003 |
SK-MaSNL |
| 005 |
20260302020401.0 |
| 008 |
240314s2013 xo o e n 001 0 slo |
| 015 |
|
|
|a SNBA2013/11
|
| 020 |
|
|
|a 9788055803302
|q (brož.)
|
| 035 |
|
|
|a 1E1B5847-2E1C-42D4-84AF-B7324E4B8B41
|
| 035 |
|
|
|a urn:nbn:sk:snk-amk0jf
|
| 035 |
|
|
|a urn:nbn:sk:snk-am008859
|
| 040 |
|
|
|a SNK
|b slo
|c SNK
|e AACR2
|
| 041 |
0 |
|
|a slo
|b eng
|
| 044 |
|
|
|a xo
|c SK
|
| 072 |
|
7 |
|a 792
|x Divadlo. Divadelné predstavenia
|2 konspekt
|
| 080 |
|
|
|a 792.027.071.1
|2 2001
|2 2001
|
| 080 |
|
|
|a (048.8)
|2 2001
|
| 080 |
|
|
|a 792.027
|2 2001
|
| 100 |
1 |
|
|a Pavlac, Peter,
|d 1976-
|4 aut
|9 14588
|
| 245 |
1 |
0 |
|a Zbytočný dramaturg, alebo, Ako obhájiť svoju profesiu
|b (metodika pre pochybujúcich)
|c Peter Pavlac
|
| 246 |
3 |
0 |
|a Ako obhájiť svoju profesiu
|
| 250 |
|
|
|a 1. vyd.
|
| 260 |
|
|
|a Nitra
|b Univerzita Konštantína Filozofa, Filozofická fakulta
|b Ústav literárnej a umeleckej komunikácie
|c 2013
|
| 300 |
|
|
|a 113 s.
|b fareb. fotogr.
|c 30 cm
|e 1 DVD
|
| 366 |
|
|
|e 500 výt. Nepredajné
|
| 500 |
|
|
|a Sprievodné DVD obsahuje ukážky z workshopu Dramaturgická dielňa a prezentácia jeho výsledkov
|
| 500 |
|
|
|a Obsahuje prísp. Vzdelávanie divadlom od aut. Dagmar Inštitorisovej
|
| 504 |
|
|
|a Bibliogr.: s. 75 ; bibliogr. odkazy ; ed. pozn. ; men. reg.
|
| 546 |
|
|
|a Res. angl.
|
| 630 |
0 |
7 |
|a Vzdelávanie divadlom (projekt)
|2 SNKPH
|9 359775
|
| 650 |
0 |
7 |
|a dramaturgia
|2 SNKPH
|9 30426
|
| 650 |
0 |
7 |
|a divadelná dramaturgia
|2 SNKPH
|9 73590
|
| 650 |
0 |
7 |
|a divadelní dramaturgovia
|2 SNKPH
|9 110465
|
| 650 |
0 |
7 |
|a Dramaturgy
|2 SNKPH
|9 132149
|
| 650 |
0 |
7 |
|a Dramaturgists (theater)
|2 SNKPHeng
|9 419424
|
| 655 |
|
7 |
|a monografie
|2 SNKPH
|9 70139
|
| 655 |
|
7 |
|a Monographs
|2 SNKPHeng
|9 120675
|
| 852 |
|
|
|a Štátna vedecká knižnica v Banskej Bystrici
|
| 852 |
|
|
|a Akadémia umení v Banskej Bystrici
|
| 919 |
|
|
|a 978-80-558-0330-2
|
| 958 |
|
|
|a NB
|
| 999 |
|
|
|c 1024939
|d 1026869
|
| 952 |
|
|
|a SNK
|b SNK
|y PREZ
|7 0
|p 17A1091863
|o snkSB 85804
|i snk2013/26968
|8 0
|0 0
|1 0
|4 0
|d 2013-11-06
|f 1
|l 0
|r 2025-05-06 00:00:00
|w 2026-02-24
|
| 952 |
|
|
|a SNK
|b SNK
|y PREZ
|7 0
|p 17A1091864
|o snkSB 85804/príl.
|i snk2013/26968
|8 0
|3 Príloha: 1 DVD
|z Príloha: 1 DVD
|0 0
|1 0
|4 0
|d 2013-11-06
|l 0
|r 2025-05-06 00:00:00
|w 2026-02-24
|
| 952 |
|
|
|a SNK
|b SNK
|y VYP
|7 0
|p 17A1091865
|o snkSB 85804 D1
|i snk2013/26969
|8 0
|0 0
|1 0
|4 0
|d 2013-11-06
|l 0
|r 2026-02-24 13:36:02
|w 2026-02-24
|
| 952 |
|
|
|a SNK
|b SNK
|y PREZ
|7 0
|p 17A1091866
|o snkSB 85804/príl. D1
|i snk2013/26969
|8 0
|3 Príloha: 1 DVD
|z Príloha: 1 DVD
|0 0
|1 0
|4 0
|d 2013-11-06
|l 0
|r 2026-02-24 13:36:02
|w 2026-02-24
|